Statistics for Five Highest Ranking FIFA Countries by Continent

Click here to take the quiz!

General Stats

  • This quiz has been taken 208 times
  • The average score is 23 of 30

Answer Stats

Confederation Country % Correct
CONMEBOLBrazil
96%
CONMEBOLArgentina
95%
UEFAFrance
95%
AFCAustralia
95%
CONCACAFMexico
94%
UEFAEngland
93%
AFCJapan
93%
UEFABelgium
92%
CONCACAFUnited States
92%
CONMEBOLChile
92%
OFCNew Zealand
91%
CONMEBOLColombia
91%
CONMEBOLUruguay
90%
AFCSouth Korea
89%
CAFNigeria
84%
UEFAPortugal
81%
AFCIran
76%
CONCACAFCosta Rica
76%
CAFSenegal
74%
CAFMorocco
74%
CAFAlgeria
73%
CONCACAFHonduras
71%
CAFTunisia
66%
UEFACroatia
63%
CONCACAFJamaica
59%
OFCSolomon Islands
49%
AFCQatar
39%
OFCVanuatu
37%
OFCTahiti
27%
OFCNew Caledonia
23%

Score Distribution

Percentile by Number Answered

Percent of People with Each Score

Your Score History

You have not taken this quiz